|
|
|
|
| LEADER |
00000nam0a2200000 4500 |
| 001 |
261110 |
| 005 |
20231101233533.0 |
| 010 |
|
|
|a 5855100103
|
| 035 |
|
|
|a (RuTPU)RU\TPU\book\284084
|
| 090 |
|
|
|a 261110
|
| 100 |
|
|
|a 20140521d1988 m y0rusy50 ca
|
| 101 |
0 |
|
|a rus
|
| 102 |
|
|
|a RU
|
| 105 |
|
|
|a y z 001zb
|
| 200 |
1 |
|
|a Камни радости
|f В. Н. Дав
|
| 210 |
|
|
|a Мурманск
|c Книжное издательство
|d 1988
|
| 215 |
|
|
|a 272 с.
|
| 320 |
|
|
|a Библиогр.: с. 269-270.
|
| 320 |
|
|
|a Краткий словарь названий камней : с. 259-268.
|
| 606 |
1 |
|
|a Самоцветы
|x Минералогия
|2 stltpush
|3 (RuTPU)RU\TPU\subj\53778
|9 71943
|
| 610 |
1 |
|
|a геология
|
| 610 |
1 |
|
|a месторождения
|
| 610 |
1 |
|
|a цветные камни
|
| 610 |
1 |
|
|a Кольский полуостров
|
| 610 |
1 |
|
|a суеверия
|
| 610 |
1 |
|
|a амулеты
|
| 610 |
1 |
|
|a поверья
|
| 610 |
1 |
|
|a поверья
|
| 610 |
1 |
|
|a драгоценные камни
|
| 610 |
1 |
|
|a история
|
| 610 |
1 |
|
|a кейвы
|
| 610 |
1 |
|
|a аметист
|
| 610 |
1 |
|
|a песчаники
|
| 610 |
1 |
|
|a флюорит
|
| 610 |
1 |
|
|a доломит
|
| 610 |
1 |
|
|a амазонит
|
| 610 |
1 |
|
|a кианит
|
| 610 |
1 |
|
|a хибиниты
|
| 610 |
1 |
|
|a яшма
|
| 610 |
1 |
|
|a магнетит
|
| 610 |
1 |
|
|a тингуаит
|
| 610 |
1 |
|
|a перидотиты
|
| 675 |
|
|
|a 549.091
|v 3
|
| 700 |
|
1 |
|a Дав
|b В. Н.
|g Владимир Николаевич
|
| 801 |
|
1 |
|a RU
|b 63413507
|c 20140521
|
| 801 |
|
2 |
|a RU
|b 63413507
|c 20220802
|g RCR
|
| 942 |
|
|
|c BK
|